004410000a220010900045001000021000002450098000213000058001197730039001779420008002169520090002249990017003141 aScorgie, Glen G.10aYearning for God : The potential and poverty of the catholic spirituality of Francis de Sales aVol. 41, Num. 3 (Septiembre, 1998), Páginas 439-4540 tJournal of the Theological Society cANA 001040708HEMaFUSBCbFUSBCd2016-01-26l0o r2016-01-26 00:00:00w2016-01-26yANA c54589d54589